000 00410nam a2200121 4500
999 _c9554
_d9554
008 180707b ||||| |||| 00| 0 eng d
100 _928405
_aBurgos Jr., Nestor P.
245 _aAntique governor faces graft case for P10-M rice mill project/
_cNestor P. Burgos Jr.
260 _aPhilippines
_bPhilippine Daily Inquirer
_cc2016
300 _apage A27.
650 0 _928406
_aPolitical corruption.
942 _2ddc
_cPER